00486 2200181 4500245006100000020002200061250001000083100003000093700001800123650001800141650001000159005001900169260006400188041001400252084001200266300001700278336000900295 aPesan Damai Nasi KembarcSupriyatin Soeprie KetjilhText a978-623-307-024-9 aCet.2 aSupriyatin Soeprie Ketjil aWena Wiraksih aCerita Rakyat aEbook a20250317083634 ajakata timurbBadan Pengembangan dan Pembinaan Bahasac2022 aIndonesia a398,209 ax :c58 hlm. atext